Metric Preserving Functions

Bibliographic Details
Main Author: Doboš, Jozef, 1956- (Author)
Format: Book
Language:English
PhysicalDescription:75 s. tab. 21 cm
Published: [Košice] Štroffek 1998
ISBN:8088896304
Subjects:

MARC

LEADER 00000nam a2200000 a 4500
001 vtls001358153
003 SK-MaSNL
005 20260301010558.0
008 240314s1998 xo a r y eng
015 |a SNBA1999/07-02408 
020 |a 8088896304 
035 |a SNK000311670 
035 |a urn:nbn:sk:snk-amkj1j 
035 |a urn:nbn:sk:snk-am003awb 
035 |a 5CC08D22-1BAF-4AD0-A098-9BED0B931108 
040 |a SNK  |b slo  |c SNK  |e AACR2 
041 0 |a eng 
044 |a xo  |c SK 
080 |a 517.9=20  |2 1981 
100 1 |a Doboš, Jozef,  |d 1956-  |4 aut  |9 221550 
245 1 0 |a Metric Preserving Functions  |c Jozef Doboš 
260 |a [Košice]  |b Štroffek  |c 1998 
300 |a 75 s.  |b tab.  |c 21 cm 
500 |a Tir. slov. 
500 |a 65 výt. 
504 |a Bibliogr. s. 73-75 
650 0 7 |a funkcionálna analýza  |2 SNKPH  |9 68997 
655 7 |a príručky  |2 SNKPH  |9 74364 
919 |a 80-88896-30-4 
958 |a TL 
958 |a NB 
999 |c 548539  |d 550469 
952 |t P60, <03>, [BOOK], {603}  |a SNK  |b SNK  |y PREZ  |7 0  |p 17A0185109  |o snkSC 98031  |i snkKSP 2893/99  |0 0  |1 0  |4 0  |d 1999-03-19  |f 1  |l 0  |r 2025-09-18 00:00:00  |w 2026-02-23 
952 |t P60, <04>, [BOOK], {604}  |a SNK  |b SNK  |y VYP  |7 0  |p 17A0185110  |o snkSC 98031 D1  |i snkKSP 2894/99  |0 0  |1 0  |4 0  |d 1999-03-19  |l 0  |r 2005-01-02 00:00:00  |w 2026-02-23